<?xml version="1.0" encoding="UTF-8"?>
<marc:record xmlns:marc="http://www.loc.gov/MARC21/slim">
   <marc:leader>00000nam a2200000 a 4500</marc:leader>
   <marc:datafield ind1=" " ind2=" " tag="653">
      <marc:subfield code="a">Softcover / Belletristik/Krimis</marc:subfield>
   </marc:datafield>
   <marc:datafield ind1=" " ind2=" " tag="653">
      <marc:subfield code="a">Thriller</marc:subfield>
   </marc:datafield>
   <marc:datafield ind1=" " ind2=" " tag="653">
      <marc:subfield code="a">Spionage</marc:subfield>
   </marc:datafield>
   <marc:datafield ind1="0" ind2="0" tag="245">
      <marc:subfield code="a">Maxwell Mops und die Plattschnauzengang</marc:subfield>
   </marc:datafield>
   <marc:datafield ind1="0" ind2="0" tag="245">
      <marc:subfield code="c">Sabine Hauer]. Zeichn. von Sabine Hauer</marc:subfield>
   </marc:datafield>
   <marc:datafield ind1=" " ind2="1" tag="264">
      <marc:subfield code="a">Norderstedt</marc:subfield>
      <marc:subfield code="b">Books on Demand GmbH</marc:subfield>
   </marc:datafield>
   <marc:datafield ind1="1" ind2=" " tag="520">
      <marc:subfield code="a">Angaben aus der Verlagsmeldung

Maxwell Mops und die Plattschnauzengang 2 : Ein Hundekrimi nicht nur für kleine Leser / von Sabine Hauer

DIE PLATTSCHNAUZENGANG IST ZURÜCK .....................und wie!Ein neuer, spannender Hundekrimi mit Maxwell Mops, seiner Katzenschwester Daisy, Boxerfreund Cash, der englischen Bulldogge Oskar und.....?...Als Daisy auf einem Spaziergang einen schwer kranken Welpen findet, herrscht bei der Plattschnauzengang helle Aufregung. Woher kommt der kleine Welpe, wo ist seine Mutter und warum hat sie ihn alleine zurück gelassen? Während Maxwell und seine Freunde versuchen, das Rätsel zu lösen, bestätigt sich schnell ein schlimmer Verdacht............
</marc:subfield>
   </marc:datafield>
   <marc:datafield ind1=" " ind2=" " tag="020">
      <marc:subfield code="a">9783839108574</marc:subfield>
      <marc:subfield code="9">9783839108574</marc:subfield>
   </marc:datafield>
   <marc:datafield ind1=" " ind2=" " tag="041">
      <marc:subfield code="a">ger</marc:subfield>
   </marc:datafield>
   <marc:datafield ind1=" " ind2=" " tag="300">
      <marc:subfield code="a">175 S.</marc:subfield>
   </marc:datafield>
</marc:record>
